000 00793nam a2200265Ia 4500
003 OSt
005 20220916110935.0
006 a|||||r|||| 00| 0
007 ta
008 220915b |||||||| |||| 00| 0 eng d
020 _a9788183701891 (hbk)
024 _a20,341
037 _b7122, 03/12/2014, Friends Publications
037 _cTextbook
040 _beng
_aARTS
_cARTS
041 _aeng
082 _aY15:3(W).44974, P9
100 _aDutta Anuradha
245 0 _aWomen rebels : Stories from Nepal and Nagaland
260 _aNew Delhi
_b Akansha Publishing House India
300 _axi,258p.
_ccm.
650 _aSOCIOLOGY
942 _hY15:3(W).44974, P9
_cTB
_2CC
999 _c101909
_d101909